Online
Catalog

El camino a Cristo / (Record no. 4576)

MARC details
000 -CABECERA
campo de control de longitud fija 00470nam a2200169 a 4500
001 - NÚMERO DE CONTROL
campo de control 000004770
005 - FECHA Y HORA DE LA ÚLTIMA TRANSACCIÓN
campo de control 20200929151512.0
040 ## - FUENTE DE LA CATALOGACIÓN
Centro catalogador/agencia de origen DO-SdBNP
Lengua de catalogación spa
Centro/agencia transcriptor BNPHU
082 ## - NÚMERO DE LA CLASIFICACIÓN DECIMAL DEWEY
Número de clasificación 234
Número de documento/Ítem W582c
049 ## - FONDOS LOCALES (OCLC)
Fondos de biblioteca BNPD
100 1# - ENTRADA PRINCIPAL--NOMBRE DE PERSONA
Nombre de persona White, Ellen G.
9 (RLIN) 13861
245 13 - MENCIÓN DE TÍTULO
Título El camino a Cristo /
Mención de responsabilidad, etc. Elena G. de White.
260 ## - PUBLICACIÓN, DISTRIBUCIÓN, ETC.
Lugar de publicación, distribución, etc. California :
Nombre del editor, distribuidor, etc. Ediciones Interamericanas,
Fecha de publicación, distribución, etc. 1980.
300 ## - DESCRIPCIÓN FÍSICA
Extensión 126 p. :
Otras características físicas il ;
Dimensiones 19 cm.
650 #4 - PUNTO DE ACCESO ADICIONAL DE MATERIA--TÉRMINO DE MATERIA
Término de materia o nombre geográfico como elemento de entrada Salvación
9 (RLIN) 3270
910 ## - DATOS DE OPCIÓN DEL USUARIO (OCLC)
Datos de opción del usuario Validado. Control de calidad MFF
Holdings
Estado de retiro Estado de pérdida Restricciones de uso No para préstamo Código de colección Localización permanente Ubicación/localización actual Ubicación en estantería Fecha de adquisición Número de inventario Total de préstamos Signatura topográfica completa Código de barras Fecha visto por última vez Precio válido a partir de Tipo de ítem Koha
        Monografías: Libros y Folletos General General En catalogación 27.07.2009 LF1   234 W582c 4770-10 25.06.2020 25.06.2020 Préstamo en sala

Powered by Koha